=LDR 00000nam 2200000 4500 =001 INLIS000000000010942 =005 20130612102541 =008 ***********************************Ind** =035 ##$$0010-061300000010942 =041 ##$$a Ind =082 ##$$a 674.634 =090 ##$$a 674.834, Sut-t =100 ##$$a Sutoyo MD =245 ##$$a tehnik triplek dan aneka wood, Sutoyo MD =300 ##$$a viii,87 hlm, ilus, 21 cm =650 ##$$a Kayu Tripleks =850 ##$$a NBPNMAT